Problemas y cálculos de bioquímica

Guardat en:
Dades bibliogràfiques
Autor principal: Mehler, Alan H. (autor)
Format: Llibre
Idioma:espanyol
Publicat: Zaragoza Acribia 1975
Matèries:
Etiquetes: Afegir etiqueta
Sense etiquetes, Sigues el primer a etiquetar aquest registre!

MARC

LEADER 00000nam a2200000 a 4500
001 UCW2574
003 CL-VaPUC
008 881220e19750000SP |||||||||||||||||spa|d
082 0 4 |a 572.015  |b MEH  |2 21 
100 |a Mehler, Alan H.  |e autor  |9 306810 
245 1 0 |a Problemas y cálculos de bioquímica 
300 |a 239 p 
942 |c BK 
945 |d 19881220 00:00:00  |a awong 
260 |a Zaragoza  |b Acribia  |c 1975 
650 7 |a BIOQUIMICA PROBLEMAS, EJERCICIOS, ETC  |2 CL-VaPUC  |9 306811 
583 |a last modification  |c 19881220 00:00:00  |k Rodrigo Vera 
999 |c 217099  |d 217097 
952 |0 0  |1 0  |4 0  |6 572_015000000000000_MEH_1975  |7 0  |8 A  |9 203640  |a BIBCUR  |b BIBCUR  |d 2019-11-15  |i 2708930  |l 3  |o 572.015 MEH 1975  |p 2708930  |r 2025-04-22  |s 2025-03-07  |w 2019-11-15  |y BK  |k QUI